<?xml version="1.0" encoding="UTF-8"?><?xml-stylesheet type="text/xsl" href="static/style.xsl"?><OAI-PMH xmlns="http://www.openarchives.org/OAI/2.0/" xmlns:xsi="http://www.w3.org/2001/XMLSchema-instance" xsi:schemaLocation="http://www.openarchives.org/OAI/2.0/ http://www.openarchives.org/OAI/2.0/OAI-PMH.xsd"><responseDate>2026-04-28T21:14:33Z</responseDate><request verb="GetRecord" identifier="oai:uvadoc.uva.es:10324/69167" metadataPrefix="marc">https://uvadoc.uva.es/oai/request</request><GetRecord><record><header><identifier>oai:uvadoc.uva.es:10324/69167</identifier><datestamp>2024-07-29T19:01:52Z</datestamp><setSpec>com_10324_1157</setSpec><setSpec>com_10324_931</setSpec><setSpec>com_10324_894</setSpec><setSpec>col_10324_1298</setSpec></header><metadata><record xmlns="http://www.loc.gov/MARC21/slim" xmlns:doc="http://www.lyncode.com/xoai" xmlns:xsi="http://www.w3.org/2001/XMLSchema-instance" xmlns:dcterms="http://purl.org/dc/terms/" xsi:schemaLocation="http://www.loc.gov/MARC21/slim http://www.loc.gov/standards/marcxml/schema/MARC21slim.xsd">
<leader>00925njm 22002777a 4500</leader>
<datafield tag="042" ind1=" " ind2=" ">
<subfield code="a">dc</subfield>
</datafield>
<datafield tag="720" ind1=" " ind2=" ">
<subfield code="a">Hevia de los Mozos, Luis Fernando</subfield>
<subfield code="e">author</subfield>
</datafield>
<datafield tag="720" ind1=" " ind2=" ">
<subfield code="a">Cobos Huerga, Ana</subfield>
<subfield code="e">author</subfield>
</datafield>
<datafield tag="720" ind1=" " ind2=" ">
<subfield code="a">González López, Juan Antonio Mariano</subfield>
<subfield code="e">author</subfield>
</datafield>
<datafield tag="720" ind1=" " ind2=" ">
<subfield code="a">García de la Fuente, Isaías Laudelino</subfield>
<subfield code="e">author</subfield>
</datafield>
<datafield tag="720" ind1=" " ind2=" ">
<subfield code="a">Sanz del Soto, Luis Felipe</subfield>
<subfield code="e">author</subfield>
</datafield>
<datafield tag="260" ind1=" " ind2=" ">
<subfield code="c">2016</subfield>
</datafield>
<datafield tag="520" ind1=" " ind2=" ">
<subfield code="a">Values of density (ρ), speed of sound (c) and refractive index (n_D) for N,N-dimethylformamide (DMF) + N-propylpropan-1-amine (DPA) or + butan-1-amine (BA) mixtures at (293.15-303.15) K, and for DMF + N-butylbutan-1-amine (DBA) or hexan-1-amine (HxA) mixtures at 298.15 K are reported. Density and speed of sound measurements were conducted using a vibrating-tube densimeter and sound analyzer, Anton Paar model DSA5000; refractive index, n_D, values were obtained by means of a RFM970 refractometer from Bellingham+Stanley. The experimental ρ, c and n_D values have been used to determine excess molar volumes, V_m^E, excess adiabatic compressibilities, κ_S^E, excess speeds of sound, c^E, excess thermal expansion coefficients, α_p^E, and excess refractive indices, n_D^E. This set of data show the existence of interactions between unlike molecules and of structural effects in the mixtures under study. V_m^E values of solutions including linear secondary amines are lower than those of mixtures with linear primary amines. In fact, the contribution to V_m^E from the breaking of amine-amine interactions is larger for the latter systems. Calculations on Rao’s constant point out that there is no complex formation between the mixture components. Dispersive interactions have been analyzed by means of the molar refraction. It is shown that solutions with DPA or HxA are characterized by similar dispersive interactions and that they mainly differ in dipolar interactions.</subfield>
</datafield>
<datafield tag="024" ind2=" " ind1="8">
<subfield code="a">Journal of Chemical &amp; Engineering Data, 61, 2016, 1468-1478</subfield>
</datafield>
<datafield tag="024" ind2=" " ind1="8">
<subfield code="a">0021-9568</subfield>
</datafield>
<datafield tag="024" ind2=" " ind1="8">
<subfield code="a">https://uvadoc.uva.es/handle/10324/69167</subfield>
</datafield>
<datafield tag="024" ind2=" " ind1="8">
<subfield code="a">10.1021/acs.jced.5b00802</subfield>
</datafield>
<datafield tag="024" ind2=" " ind1="8">
<subfield code="a">1468</subfield>
</datafield>
<datafield tag="024" ind2=" " ind1="8">
<subfield code="a">4</subfield>
</datafield>
<datafield tag="024" ind2=" " ind1="8">
<subfield code="a">1478</subfield>
</datafield>
<datafield tag="024" ind2=" " ind1="8">
<subfield code="a">Journal of Chemical &amp; Engineering Data</subfield>
</datafield>
<datafield tag="024" ind2=" " ind1="8">
<subfield code="a">61</subfield>
</datafield>
<datafield tag="024" ind2=" " ind1="8">
<subfield code="a">1520-5134</subfield>
</datafield>
<datafield ind1=" " ind2=" " tag="653">
<subfield code="a">Termodinámica</subfield>
</datafield>
<datafield tag="245" ind1="0" ind2="0">
<subfield code="a">Thermodynamics of Amide + Amine Mixtures. 1. Volumetric, Speed of Sound, and Refractive Index Data for N,N-Dimethylformamide + N-Propylpropan-1-amine, + N-Butylbutan-1-amine, + Butan-1-amine, or + Hexan-1-amine Systems at Several Temperatures</subfield>
</datafield>
</record></metadata></record></GetRecord></OAI-PMH>